000 00758nam a2200217 a 4500
001 000018733
005 20200929165841.0
008 100514s1971 sp r 000 p spa d
040 _aDO-SdBNP
_bspa
_cBNPHU
082 _a839.3
_bC313a
100 1 _aCarrasquer, Francisco,
_d1915-
_940430
245 1 0 _aAntología de la poesía neerlandesa moderna :
_btexto bilingüe /
_cFrancisco Carrasquer.
260 _aBarcelona :
_bEl Bardo,
_c1971.
300 _a815 p. ;
_c21 cm.
490 1 _aPoesía, Serie Especial ;
_vno.5
504 _aIncluye referencias bibliográficas y notas al pie de las páginas
650 4 _aPoesía neerlandesa
_940431
650 4 _aLiteratura neerlandesa
_939205
830 0 _aPoesía, Serie Especial ;
_nno.5
_940432
049 _aBNGR
999 _c18253
_d18253